[Event "Hastings Masters"]
[Site "Horntye, Hastings"]
[Date "2017.12.29"]
[Round "2.35"]
[White "Fowler, David"]
[Black "Kearsley, Raymond J"]
[Result "1-0"]
[BlackElo "1720"]
[WhiteElo "1904"]
[LiveChessVersion "1.4.8"]

1. d4 {[%clk 1:40:56]} d5 {[%clk 1:40:23]} 2. c4 {[%clk 1:41:11]} e5
{[%clk 1:40:42]} 3. dxe5 {[%clk 1:41:10]} d4 {[%clk 1:40:59]} 4. Nf3
{[%clk 1:41:24]} Nc6 {[%clk 1:41:23]} 5. a3 {[%clk 1:41:34]} Be6 {[%clk 1:41:34]}
6. e3 dxe3 {[%clk 1:40:29]} 7. Qxd8+ {[%clk 1:40:12]} Rxd8 {[%clk 1:40:48]} 8.
Bxe3 {[%clk 1:39:28]} Nh6 {[%clk 1:37:30]} 9. Bxh6 {[%clk 1:14:55]} gxh6
{[%clk 1:37:53]} 10. Nbd2 {[%clk 1:14:43]} Bg7 {[%clk 1:37:19]} 11. O-O-O
{[%clk 1:14:23]} Nxe5 {[%clk 1:35:02]} 12. Nxe5 {[%clk 1:12:14]} Bxe5
{[%clk 1:35:23]} 13. Be2 {[%clk 1:11:27]} Ke7 {[%clk 1:25:56]} 14. g3
{[%clk 1:09:23]} Bf5 {[%clk 1:22:37]} 15. Nf3 {[%clk 1:07:09]} Bf6
{[%clk 1:19:28]} 16. Rhe1 {[%clk 1:04:21]} Rxd1+ {[%clk 1:19:28]} 17. Bxd1+
{[%clk 1:04:21]} Be6 {[%clk 1:17:15]} 18. Bc2 Kd8 19. c5 {[%clk 0:54:27]} Kc8
{[%clk 1:14:39]} 20. Ne5 {[%clk 0:52:12]} c6 {[%clk 1:12:01]} 21. f4
{[%clk 0:48:24]} h5 {[%clk 1:11:17]} 22. h4 {[%clk 0:47:50]} h6 {[%clk 1:10:48]}
23. Bd1 {[%clk 0:46:05]} Rg8 {[%clk 1:08:50]} 24. Re3 {[%clk 0:45:57]} Bxe5
{[%clk 1:07:24]} 25. fxe5 {[%clk 0:46:21]} Bg4 {[%clk 1:07:41]} 26. Bb3
{[%clk 0:44:10]} Be6 {[%clk 1:06:56]} 27. Bxe6+ {[%clk 0:43:18]} fxe6
{[%clk 1:07:20]} 28. Rf3 {[%clk 0:43:39]} Rg6 {[%clk 1:06:03]} 29. Kd2
{[%clk 0:41:10]} Kd7 {[%clk 1:04:50]} 30. Rf7+ {[%clk 0:36:15]} Kc8
{[%clk 1:01:31]} 31. Rh7 {[%clk 0:34:10]} Rxg3 {[%clk 1:01:15]} 32. Rxh6
{[%clk 0:34:31]} Rg2+ {[%clk 1:01:06]} 33. Kc3 {[%clk 0:34:44]} Rg3+
{[%clk 1:01:26]} 34. Kc2 Kd7 {[%clk 0:58:56]} 35. Rh7+ {[%clk 0:34:35]} Kc8
{[%clk 0:56:29]} 36. Rxh5 {[%clk 0:32:31]} Rh3 37. Rh8+ {[%clk 0:32:54]} Kd7
{[%clk 0:56:44]} 38. Rh7+ {[%clk 0:24:16]} Kc8 {[%clk 0:56:31]} 39. a4
{[%clk 0:24:21]} Re3 {[%clk 0:56:39]} 40. Rh5 {[%clk 0:21:57]} Rh3
{[%clk 0:56:27]} 41. a5 {[%clk 0:16:49]} a6 42. Rh8+ {[%clk 0:17:13]} Kd7
{[%clk 0:56:43]} 43. Rh7+ Kc8 44. h5 {[%clk 0:14:45]} Re3 {[%clk 0:57:03]} 45. h6
{[%clk 0:14:17]} Rxe5 {[%clk 0:57:23]} 46. Re7 {[%clk 0:14:23]} Rxc5+ 47. Kd3
{[%clk 0:14:37]} Rh5 {[%clk 0:52:19]} 48. h7 {[%clk 0:14:17]} 1-0

[Event "Hastings Masters"]
[Site "Horntye, Hastings"]
[Date "2017.12.29"]
[Round "2.36"]
[White "Dev, Shah"]
[Black "Metcalfe, Charlie P"]
[Result "1-0"]
[BlackElo "1705"]
[WhiteElo "1877"]
[LiveChessVersion "1.4.8"]

1. d4 {[%clk 1:39:36]} d5 {[%clk 1:40:57]} 2. Bf4 {[%clk 1:39:49]} c5
{[%clk 1:41:12]} 3. e3 {[%clk 1:39:21]} Nc6 {[%clk 1:41:05]} 4. c3
{[%clk 1:39:39]} Nf6 {[%clk 1:40:46]} 5. Nd2 {[%clk 1:40:02]} Bg4
{[%clk 1:40:43]} 6. Ngf3 {[%clk 1:40:01]} e6 {[%clk 1:40:20]} 7. Be2
{[%clk 1:35:50]} Be7 {[%clk 1:37:03]} 8. O-O {[%clk 1:35:50]} O-O
{[%clk 1:35:52]} 9. Ne5 {[%clk 1:35:13]} Bf5 {[%clk 1:34:19]} 10. h3
{[%clk 1:20:16]} Rc8 {[%clk 1:32:36]} 11. Bh2 {[%clk 1:20:02]} h6
{[%clk 1:28:59]} 12. f4 {[%clk 1:10:44]} c4 {[%clk 1:19:35]} 13. Bf3
{[%clk 1:05:22]} Nxe5 14. fxe5 Nd7 {[%clk 1:08:37]} 15. e4 {[%clk 1:01:40]} dxe4
{[%clk 1:08:08]} 16. Bxe4 {[%clk 1:01:43]} Bxe4 {[%clk 1:08:12]} 17. Nxe4
{[%clk 1:02:11]} Nb6 {[%clk 1:04:29]} 18. Bf4 {[%clk 0:52:09]} Nd5
{[%clk 0:59:39]} 19. Bd2 {[%clk 0:51:19]} Kh8 {[%clk 0:39:37]} 20. Qh5
{[%clk 0:47:08]} f5 {[%clk 0:35:30]} 21. exf6 {[%clk 0:45:53]} Nxf6
{[%clk 0:34:13]} 22. Nxf6 {[%clk 0:45:36]} Bxf6 {[%clk 0:32:56]} 23. Rae1
{[%clk 0:27:53]} Qd5 {[%clk 0:31:39]} 24. Qg6 {[%clk 0:27:19]} Rc7
{[%clk 0:23:15]} 25. Bxh6 {[%clk 0:26:55]} gxh6 {[%clk 0:19:34]} 26. Qxh6+
{[%clk 0:26:42]} Kg8 {[%clk 0:20:01]} 27. Rxf6 {[%clk 0:27:10]} Rg7
{[%clk 0:19:12]} 28. Rxf8+ {[%clk 0:27:04]} Kxf8 {[%clk 0:19:41]} 29. Qf6+ Rf7
{[%clk 0:19:39]} 30. Qxe6 {[%clk 0:27:51]} Qg5 {[%clk 0:18:51]} 31. Qe8+
{[%clk 0:28:01]} Kg7 {[%clk 0:19:17]} 32. Qe5+ {[%clk 0:28:30]} 1-0

[Event "Hastings Masters"]
[Site "Horntye, Hastings"]
[Date "2017.12.29"]
[Round "2.37"]
[White "Lalla, Karol"]
[Black "Flynn, David"]
[Result "0-1"]
[BlackElo "1876"]
[WhiteElo "1600"]
[LiveChessVersion "1.4.8"]

1. e4 e6 {[%clk 1:31:11]} 2. f4 {[%clk 1:40:40]} d5 {[%clk 1:30:42]} 3. e5
{[%clk 1:40:29]} c5 {[%clk 1:30:31]} 4. Nf3 {[%clk 1:40:52]} Nc6 {[%clk 1:30:24]}
5. Bb5 {[%clk 1:41:09]} Bd7 {[%clk 1:30:34]} 6. O-O {[%clk 1:41:31]} Nxe5 7. Be2
Nxf3+ 8. Bxf3 Nf6 9. Re1 Bd6 10. d4 cxd4 11. Qxd4 O-O 12. c4 Qc7 13. Be3 Bc6 14.
c5 Be7 15. Nd2 Nd7 16. b4 Bf6 0-1

[Event "Hastings Masters"]
[Site "Horntye, Hastings"]
[Date "2017.12.29"]
[Round "2.38"]
[White "Lochte, Szilvia"]
[Black "Lovell, William Pm"]
[Result "1/2-1/2"]
[BlackElo "1688"]
[WhiteElo "1850"]
[LiveChessVersion "1.4.8"]

1. d4 {[%clk 1:40:57]} d5 {[%clk 1:40:57]} 2. Bf4 {[%clk 1:41:06]} Nf6
{[%clk 1:41:22]} 3. e3 {[%clk 1:41:32]} c5 {[%clk 1:41:47]} 4. c3
{[%clk 1:41:55]} Nc6 {[%clk 1:42:13]} 5. Nd2 {[%clk 1:42:10]} Bf5
{[%clk 1:42:37]} 6. Qb3 {[%clk 1:40:19]} Qd7 {[%clk 1:42:53]} 7. Ngf3
{[%clk 1:39:48]} c4 {[%clk 1:43:07]} 8. Qd1 {[%clk 1:38:23]} e6 {[%clk 1:43:28]}
9. b3 {[%clk 1:35:23]} Ba3 {[%clk 1:43:24]} 10. Nh4 {[%clk 1:25:11]} Bb2
{[%clk 1:42:08]} 11. Nxf5 {[%clk 1:25:21]} exf5 {[%clk 1:41:48]} 12. Rb1
{[%clk 1:20:32]} Bxc3 {[%clk 1:41:43]} 13. f3 {[%clk 1:20:40]} b5
{[%clk 1:35:18]} 14. Be2 {[%clk 1:13:16]} O-O {[%clk 1:24:10]} 15. Qc2 Ba5
{[%clk 1:03:23]} 16. bxc4 {[%clk 1:02:03]} bxc4 {[%clk 1:02:01]} 17. Kf2
{[%clk 1:01:24]} Nh5 {[%clk 0:51:24]} 18. Bg5 {[%clk 0:55:57]} Qe6
{[%clk 0:47:40]} 19. Rhd1 {[%clk 0:50:37]} h6 {[%clk 0:44:47]} 20. Bh4
{[%clk 0:49:39]} f4 {[%clk 0:42:10]} 21. e4 {[%clk 0:32:15]} g5 {[%clk 0:32:09]}
22. exd5 {[%clk 0:25:45]} Qe3+ {[%clk 0:27:37]} 23. Kf1 {[%clk 0:25:10]} Nxd4
{[%clk 0:26:18]} 24. Qxc4 {[%clk 0:22:57]} Qxe2+ {[%clk 0:23:40]} 25. Qxe2
{[%clk 0:08:09]} Nxe2 {[%clk 0:24:08]} 26. Kxe2 {[%clk 0:07:58]} gxh4
{[%clk 0:24:21]} 27. Nc4 {[%clk 0:07:13]} Bc3 {[%clk 0:23:46]} 28. d6
{[%clk 0:07:25]} Rfd8 {[%clk 0:22:44]} 29. d7 {[%clk 0:03:24]} Bg7
{[%clk 0:22:00]} 30. Rb7 {[%clk 0:02:32]} Nf6 {[%clk 0:15:21]} 31. Na5
{[%clk 0:02:15]} Rxd7 {[%clk 0:14:06]} 32. Rbxd7 {[%clk 0:02:24]} Nxd7
{[%clk 0:14:20]} 33. Rxd7 {[%clk 0:02:47]} Bf6 {[%clk 0:14:14]} 34. Nc4
{[%clk 0:02:41]} Re8+ {[%clk 0:14:16]} 35. Kd3 {[%clk 0:02:38]} Rd8
{[%clk 0:14:34]} 36. Rxd8+ {[%clk 0:01:34]} Bxd8 {[%clk 0:15:03]} 37. Ke4
{[%clk 0:01:49]} Kg7 {[%clk 0:10:00]} 38. Kxf4 {[%clk 0:01:05]} h5
{[%clk 0:09:04]} 1/2-1/2

[Event "Hastings Masters"]
[Site "Horntye, Hastings"]
[Date "2017.12.29"]
[Round "2.39"]
[White "Verma, Shlok"]
[Black "Ruane, Brendan J"]
[Result "0-1"]
[BlackElo "1838"]
[WhiteElo "1553"]
[LiveChessVersion "1.4.8"]

1. d4 Nf6 2. c4 e6 3. Nc3 Bb4 4. Nf3 c5 5. Bg5 Qa5 6. Bd2 Qd8 7. e3 O-O 8. Bd3 d5
9. O-O Nc6 10. cxd5 exd5 11. dxc5 Bxc5 12. Na4 Bd6 13. a3 Bg4 14. Be2 Ne4 15. Nc3
Nxd2 16. Qxd2 d4 17. Nxd4 Bxe2 18. Ncxe2 Qf6 19. Nxc6 bxc6 20. Rfd1 Rad8 21. Qc3
Be5 22. Nd4 Rd5 23. Qc2 Rfd8 24. Rac1 c5 25. Nb5 Bxb2 26. Rxd5 Rxd5 27. Rb1 g6
28. h3 Be5 29. Nxa7 Bc3 30. Rf1 Rd2 31. Qb3 Ba5 32. Nb5 Qc6 33. a4 c4 34. Qa3 c3
35. Nd4 Qd5 36. Rc1 Ra2 37. Qe7 Kg7 38. Kh2 Rxa4 39. g4 h6 40. h4 Ra2 41. Kg3 Rb2
42. Rd1 Qa2 43. Qe5+ Kh7 44. Qf6 Rd2 45. Ra1 Bc7+ 46. Kh3 Qd5 47. e4 Qc4 48. Ne2
Bd8 0-1

[Event "Hastings Masters"]
[Site "Horntye, Hastings"]
[Date "2017.12.29"]
[Round "2.40"]
[White "Rahulan, Thivyaa"]
[Black "Witt, Holger"]
[Result "1/2-1/2"]
[WhiteElo "1825"]
[BlackElo "1585"]
[PlyCount "69"]
[EventDate "2017.12.28"]

1. e4 c5 2. c3 Nf6 3. e5 Nd5 4. d4 cxd4 5. Nf3 e6 6. cxd4 d6 7. Nc3 Nxc3 8.
bxc3 Qc7 9. Bb2 Nc6 10. exd6 Bxd6 11. Bd3 Bd7 12. h3 Ne7 13. c4 Qa5+ 14. Nd2
Bb4 15. a3 Bxd2+ 16. Qxd2 Qxd2+ 17. Kxd2 Bc6 18. f3 O-O 19. Rac1 Rac8 20. Be4
Rfd8 21. Ke2 f5 22. Bb1 Ba4 23. Rhe1 Kf7 24. Kd3 b5 25. Ba2 bxc4+ 26. Bxc4 Nd5
27. g3 g6 28. Re5 Rb8 29. Bxd5 exd5 30. Rc7+ Rd7 31. Rxd7+ Bxd7 32. Kc3 Rc8+
33. Kd2 Ba4 34. Bc3 Bb3 35. Re1 1/2-1/2

[Event "Hastings Masters"]
[Site "Horntye, Hastings"]
[Date "2017.12.29"]
[Round "2.41"]
[White "Howell, Oliver W"]
[Black "Pagamdulam, Munkhdemberel"]
[Result "1-0"]
[WhiteElo "1765"]
[BlackElo "1175"]
[PlyCount "51"]
[EventDate "2017.12.28"]

1. Nf3 Nc6 2. e4 e5 3. Bb5 Nd4 4. Bc4 d6 5. c3 Nc6 6. O-O Nf6 7. Ng5 d5 8. exd5
Na5 9. Qa4+ Bd7 10. Qxa5 Bd6 11. d4 O-O 12. Re1 a6 13. b4 exd4 14. cxd4 b6 15.
Qa3 a5 16. Qb2 h6 17. Ne6 Bxe6 18. dxe6 fxe6 19. Bxe6+ Kh8 20. Nd2 Re8 21. Nf3
Bxb4 22. Bd2 Bd6 23. Nh4 Bxh2+ 24. Kh1 Qd6 25. Ng6+ Kh7 26. Qc2 1-0